Bring me The Horizon - AmEN! lyrics - Statistics

General Stats
  • This quiz has been taken 49 times
  • The average score is 248 of 339
Answer Stats
% Correct
I
100%
the
100%
The
100%
you
100%
You
100%
your
100%
a
97%
end
97%
everything
97%
is
97%
late
97%
of
97%
This
97%
to
97%
all
94%
All
94%
friends
94%
fun
94%
have
94%
So
94%
so
94%
tell
94%
Too
94%
hell
91%
hope
91%
in
91%
hate
88%
We
88%
an
85%
burn
85%
repent
85%
will
85%
rotting
82%
what
82%
Can
79%
can
79%
me
79%
Purify
79%
purify
79%
And
76%
and
76%
get
76%
Get
76%
Just
76%
just
76%
let
76%
sanctify
76%
see
76%
suffer
76%
Suffer
76%
amen?
73%
amen ?
73%
breathe
73%
like
73%
out
73%
peace
73%
they
73%
dick
70%
Don't
70%
don't
70%
sow
70%
suck
70%
wicked
70%
I'd
67%
my
67%
want
67%
As
64%
bleed
64%
control
64%
from
64%
gen
64%
heretic
64%
I'm
64%
next
64%
reap
64%
six
64%
watch
64%
about
61%
centipede
61%
hail
61%
lose
61%
sick
61%
sin
61%
know
58%
Somebody
58%
You're
58%
call
55%
child
55%
exorcist
55%
Fallen
55%
heresy
55%
Oh
55%
possessed
55%
sorrow
55%
enemy
52%
head
52%
human
52%
It's
52%
No
52%
on
52%
over
52%
sing
52%
ass
48%
away
48%
fanatics
48%
grace
48%
infidel
48%
own
48%
prey
48%
Rejoice
48%
slay
48%
be
45%
fuck
45%
Got
45%
really
45%
Stay
45%
feeling
42%
Purge
42%
Subjugate
42%
their
42%
witch
42%
bath
39%
damned
39%
Patiently
39%
waiting
39%
apostate
36%
blood
36%
come
36%
faith
36%
our
36%
Swim
36%
We'll
36%
Yeah
33%
kingdom
30%
'til
30%
Absolution
27%
corrupted
27%
demon
27%
done
27%
rise
27%
renegade
24%
Thou
24%
execute
21%
Foul
21%
brethren
18%
I'll
15%
judgment
15%
Or
12%
No matching quizzes found
Score Distribution
Percent of People with Each Score
Percentile by Number Answered
Your Score History
You have not taken this quiz